| 000 | 01994nam0a22002771 4500 | ||
|---|---|---|---|
| 001 | rc\248279 | ||
| 005 | 20260407143002.0 | ||
| 035 | _a(NLR Aleph) 005504638 | ||
| 090 |
_a5342313 _c5342313 |
||
| 100 | _a20030307d1990 |||y0rusy50 ca | ||
| 101 | 0 | _arus | |
| 102 | _aRU | ||
| 105 | _ay ||||||||| | ||
| 200 | 1 |
_aМЕТОДИКА определения оптовых цен на новые изделия горноспасательной техники _fМ-во угол. пром-сти СССР, Центр. штаб военизир. горноспасат. частей, ВНИИ горноспасат. дела _g[Разраб. к. э. н. А.С. Авершиным] |
|
| 210 |
_aДонецк _cВНИИГД _d1990 |
||
| 215 |
_a67 с. _d20 |
||
| 300 | _aОтрасл. доп. к "Методике определения оптовых цен на новую машиностроительную продукцию производственно-технического назначения", издания 1987 г. | ||
| 320 | _aБиблиогр.: с. 18 | ||
| 421 | 0 |
_12001#$aМетодика определения оптовых цен на новые изделия горноспасательной техники$fМ-во угол. пром-сти СССР, Центр. штаб военизир. горноспасат. частей, ВНИИ горноспасат. дела$g[Разраб. к. э. н. А.С. Авершиным] _1010$9150 _1210##$aДонецк$cБ. и.$d1990 _1215##$a66 с. _1899##$aNLR$j88-6/164 _tМетодика определения оптовых цен на новые изделия горноспасательной техники |
|
| 702 | 1 |
_aАвершин _bА.С. _gАнатолий Семенович _4570 |
|
| 712 | 0 | 2 |
_aВНИИ горноспасательного дела _cДонецк _3RU\NLR\AUTH\8810014296 _9526512 |
| 801 | 0 |
_aRU _bNLR _gpsbo |
|
| 801 | 1 |
_aRU _bELAR _2rusmarc |
|
| 852 |
_aNLR _j90-4/18227 |
||
| 942 | _cBOOK | ||
| 980 | _aNB | ||